01942cam a22003974i 4500003000900000005001700009008004100026035001900067040003300086082002100119110003200140245003400172264003300206336002100239337002500260338002300285505059600308526000900904526000900913526000900922526000900931526000900940526000900949526000800958526000800966526000800974526000800982526000800990526000800998942001401006949014101020596000601161999015801167980005501325952016401380PE-LiUPU20250731184549.0150625s r 000 0 d a(Sirsi) a33023 aPE-LiUPUbspacPE-LiUPUerda04a985.008bP452212 aPerú; biblioteca nacional10aMercurio peruano; 1794 .n10. 1aLima :bPanamericana,c1966. atext2rdacontent aunmediated2rdamedia avolume2rdacarrier0 aDoctor Hipólito Unanue: Valores por registro, elogio fúnebre de Exomo, necesidad de la historia natural científica, carta pastoral de Monseñor el León de Castellano Obispo de Tolón, carata sobre el establecimiento de la pesca, receta para la curación de dolores reumáticos, Moneda de Lima en los años de 1792, Observaciones meteorológicas del mes de febrero, Extracto de la carga conducidapor el Paquebot Santa Teresa, disertación preliminar, Noticias de las aguas minerales de Purina, extracto de la carga que conduce la fragatade libre comercionombrada el rey Carlos. aP136 aP135 aP134 aP133 aP144 aP143 aP87 aP35 aP20 aP14 aP10 aP06 2ddccBOOK a985.008 P45 10wDEWEYc1i21682lCCODEBUL1mBULp00.00r0sYtBOOKu2015-06-25xBIBLIOTECAzUNKNOWN0COMPRAo.STAFF. Colección General a1 a985.008 P45 10wDEWEYc40741i21682f2021-11-8g5lCCODEBUL1mBULr0sYtBOOKu2015-6-25xBIBLIOTECAzUNKNOWN0COMPRAo.STAFF. Colección Generald40741 81gALBERTO SANCHEZ Responsable de Automatización r2025-12-03 00:00:00i6l0o985.008 P45 10p21682te1w2015-06-25xFACIHEDyBKzinventario-2023-12-13102ddc50708GENfP14aBULbBULcGENd2015-06-25eCOMPRA